00832nam a2200253Ia 4500003000400000005001700004008004100021020002200062040000700084041000800091082001600099100003900115245006100154250000700215260004400222300002300266365001300289650002300302650002300325906006100348942001200409999001900421952013800440OSt20230518090503.0210423s2016 xx 000 0 und d a978-93-83866-48-9 cAL aeng a657.46 MEHI aMEHROTRA (H C);GOYAL (S P)9107497 aIncome tax and tax planning and management 2016-17 Ed 37 a37 aAgrabSahitya Bhawan Publicationsc2016 axi,855,152,xixbPB b750cINR aAccounting9107498 aIncome Tax9107499 a2016-17 ; 37 ; Ed ; Income ; management ; planning ; tax 2ddccBK c167671d167671 001040708MCOMaSACPGbSACPGd2016-07-12eBiblios Book Pointg750.00l0o657.46 MEHIpPG014172r2022-08-24 00:00:00w2021-04-26yBK